Les îles dans Pokémon - Statistiques

Statistiques générales
  • Ce quiz a été pris 89 fois
  • Le résultat moyen est 7 sur 14
Statistiques - réponses
Région Île % Correct
Hoenn Atalanopolis
76%
Kanto Cramois'Île
76%
Hoenn Algatia
68%
Hoenn Eternara
62%
Hoenn Myokara
62%
Hoenn Pacifiville
62%
Sinnoh (de) Fer
53%
Kanto Ecume
42%
Hoenn Mirage
41%
Kanto Sevii
36%
Johto Tourb'îles
36%
Sinnoh Pleine Lune
31%
Unys Liberté
22%
Hoenn (du) Sud
8%
Aucun quiz correspondant
Distribution des résultats
% des personnes avec chaque résultat
Percentile par nombre de réponses
Votre historique - résultats
Vous n’avez pas pris ce quiz